A-Z: words ending in V - Statistics

General Stats
  • This quiz has been taken 29 times
  • The average score is 6 of 13
Answer Stats
Initial letter Clue Word ending in V % Correct
R To press the accelerator in a vehicle Rev
87%
P Common shortened form of a word meaning voyeur, sexually nosey person Perv
78%
D Stupid person, from prison slang; a job given to low-ranking inmates was to put cardboard dividers into boxes, making that inmate a "divider", or "div" Div
65%
C Punk, yob (thought to be from a word in Romani, the language of the travelling Roma people) Chav
57%
S Navigation device which uses GPS Satnav
52%
G Informal term of address, with the same function as "sir" Guv
48%
I Shortened form of a word meaning a type of ad hoc performance which is not rehearsed Improv
48%
V Hebrew letter, a handy word in Scrabble Vav
39%
L From German, meaning a theme Leitmotiv
35%
M Magnet-powered type of train which is suspended above its tracks Maglev
17%
E Area (or its boundary) in which Jews may carry out activities normally prohibited during Shabbat Eruv
13%
O Anglicised version of a word for a learned man in ancient Ireland Ollav
9%
T Plural form of the former Slovenian currency Tolarjev
4%
No matching quizzes found
Score Distribution
Percent of People with Each Score
Percentile by Number Answered
Your Score History
You have not taken this quiz